Thought and reference

Αποθηκεύτηκε σε:
Λεπτομέρειες βιβλιογραφικής εγγραφής
Κύριος συγγραφέας: Bach, Kent
Μορφή: Βιβλίο
Γλώσσα:English
Δημοσίευση: Oxford : Clarendon, 1994
Θέματα:
Ετικέτες: Προσθήκη ετικέτας
Δεν υπάρχουν, Καταχωρήστε ετικέτα πρώτοι!

MARC

LEADER 00000nam a2200000 i 4500
001 1/99174
008 941107s1994 eng d
020 |a 0-19-824077-5 
035 |l 10011204 
040 |a GR-MY-UA  |b gre  |e aacr 
041 0 |a eng 
082 0 |a 149.946 
100 1 |a Bach, Kent. 
245 1 0 |a Thought and reference /  |c Kent Bach 
260 |a Oxford :   |b Clarendon,   |c 1994 
300 |a 319 p. 
650 0 0 |a Reference (Philosophy) 
852 |a INST  |b LESVOS  |e 19941107  |h 149.946 BAC  |p 005100002053  |q 005100002053  |t BK  |y 0 
909 |a Λ  |b 038007 
950 |a 140-1994-08-31